书目信息 |
| 题名: |
行政道德案例分析
|
|
| 作者: | 葛荃 , 韩玲梅 主编 | |
| 分册: | ||
| 出版信息: | 天津 南开大学出版社 2006.07 |
|
| 页数: | 308页 | |
| 开本: | 23cm | |
| 丛书名: | 公共管理/MPA案例教学系列教材 | |
| 单 册: | ||
| 中图分类: | D630.3 | |
| 科图分类: | ||
| 主题词: | 国家机关工作人员--guo jia ji guan gong zuo ren yuan--职业道德--研究生--中国--教材 | |
| 电子资源: | ||
| ISBN: | 7-310-02551-2 | |
| 000 | 00982nam 2200253 450 | |
| 001 | 012007725683 | |
| 005 | 20070930152551.98 | |
| 010 | @a7-310-02551-2@dCNY35.00 | |
| 100 | @a20070804d2006 km y0chiy0120 ea | |
| 101 | 0 | @achi |
| 102 | @aCN@b120000 | |
| 105 | @ay z 000yy | |
| 200 | 1 | @a行政道德案例分析@Axing zheng dao de an li fen xi@f葛荃, 韩玲梅主编@Fge quan,han ling mei zhu bian |
| 210 | @a天津@c南开大学出版社@d2006.07 | |
| 215 | @a308页@d23cm | |
| 225 | 2 | @a公共管理/MPA案例教学系列教材@Agong gong guan li/MPA an li jiao xue xi lie jiao cai |
| 330 | @a本书从行政科学的角度,以道德冲突作为切入点,从不同层面或不同角色之间出现的典型案例来考察当代中国的行政道德问题。 | |
| 410 | 0 | @12001 @a公共管理/MPA案例教学系列教材 |
| 606 | 0 | @a国家机关工作人员@Aguo jia ji guan gong zuo ren yuan@x职业道德@x研究生@y中国@j教材 |
| 690 | @aD630.3@v4 | |
| 701 | 0 | @a葛荃@Age quan@4主编 |
| 701 | 0 | @a韩玲梅@Ahan ling mei@4主编 |
| 801 | 0 | @aCN@c20070930 |
| 905 | @dD630.3@eG310 | |
| 行政道德案例分析/葛荃, 韩玲梅主编.-天津:南开大学出版社,2006.07 |
| 308页;23cm.-(公共管理/MPA案例教学系列教材) |
| ISBN 7-310-02551-2:CNY35.00 |
| 本书从行政科学的角度,以道德冲突作为切入点,从不同层面或不同角色之间出现的典型案例来考察当代中国的行政道德问题。 |
| ● |
| 相关链接 |
|
|
|
正题名:行政道德案例分析
索取号:D630.3/G310
 
预约/预借
| 序号 | 登录号 | 条形码 | 馆藏地/架位号 | 状态 | 备注 |
| 1 | 255734 | 202557349 | 社科库509/509社科库 73排4列6层/ [索取号:D630.3/G310] | 在馆 | |
| 2 | 255735 | 202557358 | 社科库509/509社科库 73排4列6层/ [索取号:D630.3/G310] | 在馆 | |
| 3 | 255736 | 202557367 | 社科库509/509社科库 73排4列6层/ [索取号:D630.3/G310] | 在馆 |